Law of torts and consumer protection act (Record no. 121353)

MARC details
000 -LEADER
fixed length control field 00401nam a2200157Ia 4500
008 - FIXED-LENGTH DATA ELEMENTS--GENERAL INFORMATION
fixed length control field 230917s9999||||xx |||||||||||||| ||und||
040 ## - CATALOGING SOURCE
-- 106049
Original cataloging agency VIVEKANANDA LIBRARY
041 ## - Language
-- English
082 ## - DDC NUMBER
Classification number 346.03 S92L
100 ## - MAIN ENTRY--PERSONAL NAME
Personal name Shukla, M N
245 #0 - TITLE STATEMENT
Title Law of torts and consumer protection act
250 ## - EDITION STATEMENT
Edition statement 17th ed.
260 ## - PUBLICATION, DISTRIBUTION, ETC. (IMPRINT)
Place of publication, distribution, etc Allahabad
Name of publisher, distributor, etc Central Law Agency
Date of publication, distribution, etc 2004
300 ## - PHYSICAL DESCRIPTION
Pages 322 p. + 112
942 ## - ADDED ENTRY ELEMENTS (KOHA)
Koha item type Books
Holdings
Withdrawn status Lost status Damaged status Not for loan Location (home branch) Sublocation or collection (holding branch) Date acquired Koha issues (times borrowed) Koha full call number Accession No. Koha date last seen Koha item type
        VIVEKANANDA LIBRARY VIVEKANANDA LIBRARY 24/03/2005   346.03 S92L 214505 17/09/2023 Books
        VIVEKANANDA LIBRARY VIVEKANANDA LIBRARY 24/03/2005 1 346.03 S92L 214506 29/09/2025 Books
        VIVEKANANDA LIBRARY VIVEKANANDA LIBRARY 24/03/2005   346.03 S92L 214507 17/09/2023 Books
        VIVEKANANDA LIBRARY VIVEKANANDA LIBRARY 24/03/2005 4 346.03 S92L 214508 12/01/2026 Books
        VIVEKANANDA LIBRARY VIVEKANANDA LIBRARY 24/03/2005 1 346.03 S92L 214509 24/11/2025 Books
        VIVEKANANDA LIBRARY VIVEKANANDA LIBRARY 24/03/2005   346.03 S92L 214510 17/09/2023 Books
        VIVEKANANDA LIBRARY VIVEKANANDA LIBRARY 24/03/2005   346.03 S92L 214511 17/09/2023 Books
        VIVEKANANDA LIBRARY VIVEKANANDA LIBRARY 24/03/2005   346.03 S92L 214512 17/09/2023 Books
        VIVEKANANDA LIBRARY VIVEKANANDA LIBRARY 24/03/2005   346.03 S92L 214513 17/09/2023 Books
        VIVEKANANDA LIBRARY VIVEKANANDA LIBRARY 24/03/2005   346.03 S92L 214514 17/09/2023 Books
© Designed and Maintained by Vivekananda Library, MDU Rohtak